00795nam a2200217Ii 45000010005000000030009000050080041000140400033000550410008000880820016000961000030001122450068001422640072002103000012002823360026002943370028003203380027003489400050003759990017004259520135004424674CO-ViMGA241108s9999||||xx |||||||||||||| ||und|| aCO-ViMGAbspaerdacCO-ViMGA0 aspa04a631.22 C1211 aJ. Ivan Cadavid G.94814110aGranja Integral Autosuficiente :bconstrucciones agroopecuarias 1aBogotá, Colombia : Fundación Hogares Juveniles Campesinos, 1992 avolumen atextbtxt2rdacontent aunmediatedbn2rdamedia avolumebnc2rdacarrier aidficha_siabuc: 4555. -- ficha_no_siabuc:4674 c42782d42782 001040708001aMEVIGERRbMEVIGERRcGENd2006-11-27o631.22 C121pECA3614r2024-11-26 09:06:45tEj.1w2024-11-26yBKz4555 | 6603